00307nam a22001337a 4500003000400000008004100004020001800045082001300063100001800076245003800094250000800132260002500140300000800165OSt210630b ||||| |||| 00| 0 eng d a9789353163334 a339bDWM aDWIVEDI, D.N. aMacroeconomics: Theory and Policy a5th aNew DelhibTMHc2019 a740